000 00353nam a22001577a 4500
999 _c478833
_d478833
003 NUST
005 20180726104500.0
038 _a0
082 _a153.94
100 _4Gary G. Brannigan
245 _aBender Gestalt II : Bender Visual-Motor Gestalt Test
250 _a2nd ed.
260 _aUSA
_bRiverside
_c2003
300 _a167p
942 _2ddc
_cBK